Quiz - Culture Sport - Simple - Statistiques

Statistiques générales
  • Ce quiz a été pris 1 273 fois
  • Le résultat moyen est 16 sur 20
Statistiques - réponses
Sport Élément(s) Réponse % Correct
Football Pays gagnants à au moins 3 reprises de la Coupe du Monde Brésil
96%
Football Pays gagnants à au moins 3 reprises de la Coupe du Monde Allemagne
92%
Football Pays gagnants à au moins 3 reprises de la Coupe du Monde Argentine
91%
Rugby Pays gagnants de la Coupe du Monde Nouvelle-Zélande
91%
Football Les 3 Coupes d'Europe Ligue des Champions
90%
Football Pays gagnants à au moins 3 reprises de la Coupe du Monde Italie
88%
Rugby Pays gagnants de la Coupe du Monde Angleterre
87%
Tennis Les 4 Tournois du Grand Chelem Roland-Garros
87%
Rugby Pays gagnants de la Coupe du Monde Afrique du Sud
85%
Formule 1 Pilotes les plus titrés Lewis Hamilton
85%
Tennis Les 4 Tournois du Grand Chelem Wimbledon
81%
Rugby Pays gagnants de la Coupe du Monde Australie
79%
Basket Top Scoreur de la NBA Lebron James
79%
Football Les 3 Coupes d'Europe Europa League
75%
Tennis Les 4 Tournois du Grand Chelem US Open
74%
Tennis Les 4 Tournois du Grand Chelem Open d'Australie
70%
Formule 1 Pilotes les plus titrés Michael Schumacher
69%
Football Les 3 Coupes d'Europe Conférence League
68%
Basket Franchise NBA la plus titrée Boston Celtics
52%
Basket Record de titres MVP en NBA Kareem Abdul-Jabbar
22%
Aucun quiz correspondant
Distribution des résultats
% des personnes avec chaque résultat
Percentile par nombre de réponses
Votre historique - résultats
Vous n’avez pas pris ce quiz